[Event "Schleswig Holstein-ch Seniors"]
[Site "Leck"]
[Date "2014.04.12"]
[Round "1"]
[White "Eckhoff, Manfred"]
[Black "Eghbali, Schahram"]
[Result "1-0"]
[WhiteElo "1448"]
[BlackElo "1021"]
[PlyCount "53"]
[EventDate "2014.04.12"]
[EventType "swiss"]
[EventRounds "9"]
[EventCountry "GER"]
[SourceTitle "EXT 2018"]
[Source "ChessBase"]
[SourceDate "2017.10.13"]
[SourceVersion "1"]
[SourceVersionDate "2017.10.13"]
[SourceQuality "1"]

1. Nf3 g6 2. d4 Bg7 3. c4 d6 4. Nc3 Nf6 5. e4 Bg4 6. Be2 Na6 7. h3 Bxf3 8. Bxf3 c5 9. e5 Nd7 10. Bxb7 Rb8 11. Bxa6 Qa5 12. Bb5 cxd4 13. Qxd4 Bxe5 14. Qd3 Rb7 15. Bh6 e6 16. 0-0 Ke7 17. Bxd7 Kxd7 18. f4 Qb6+ 19. Kh1 Bf6 20. Ne4 Be7 21. Bg7 Rg8 22. Bd4 Qc6 23. Rfd1 Kc7 24. c5 Rd8 25. cxd6+ Bxd6 26. Rac1 Bc5 27. Rxc5 1-0

[Event "Rheinland Pfalz op 5th"]
[Site "Worms"]
[Date "2013.06.02"]
[Round "7"]
[White "Eghbali, Schahram"]
[Black "Guckes, Simon"]
[Result "0-1"]
[WhiteElo "906"]
[BlackElo "1025"]
[PlyCount "96"]
[EventDate "2013.05.30"]
[EventType "swiss"]
[EventRounds "7"]
[EventCountry "GER"]
[SourceTitle "EXT 2014"]
[Source "ChessBase"]
[SourceDate "2013.11.20"]
[SourceVersion "1"]
[SourceVersionDate "2013.11.20"]
[SourceQuality "1"]

1. d4 g6 2. e3 Bg7 3. b3 d6 4. Bb2 Nf6 5. Nf3 0-0 6. Bd3 Bg4 7. Nbd2 Nbd7 8. 0-0 Re8 9. Qc1 e5 10. h3 Bxf3 11. Nxf3 e4 12. Be2 exf3 13. Bxf3 c6 14. Ba3 Qc7 15. c4 Rad8 16. Rd1 a6 17. d5 c5 18. Qd2 b5 19. Rab1 b4 20. Bb2 Ne5 21. Be2 Qe7 22. Ra1 Ned7 23. a3 a5 24. axb4 axb4 25. Ra7 Ra8 26. Rc7 Ra2 27. Qc2 Ne4 28. Rb1 Bxb2 29. Rxb2 Ra1+ 30. Rb1 Rxb1+ 31. Qxb1 Nc3 32. Qc2 Nxe2+ 33. Qxe2 Rd8 34. Qg4 h5 35. Qf4 Qf6 36. Qg3 Qe5 37. f4 Qc3 38. f5 Ne5 39. Qg5 Re8 40. f6 Nf3+ 41. gxf3 Qe1+ 42. Kg2 Qe2+ 43. Kg3 Qe1+ 44. Kg2 Qe2+ 45. Kg3 Qf1 46. Qh6 Qg1+ 47. Kh4 Qf2+ 48. Kg5 Qg3# 0-1